| 000 | 003180000a22001090004500 | ||
|---|---|---|---|
| 090 |
_aAS _bSeriadas |
||
| 245 | 1 | 0 | _aObservaciones antecológicas sobre recolección de polen por vibración |
| 041 | 0 | _aEspañol | |
| 100 | 1 |
_aOsorno Mesa, Hernando _999351 |
|
| 942 | _cARTICULO | ||
| 773 | 1 |
_tCaldasia _345 _h20 _q465-467 _d1947 _g4 |
|
| 999 |
_c14767 _d14767 |
||